000 00753nam a22002417a 4500
001 74009
003 BD-RjUL
005 20211209082455.0
008 171220s2013 wauoaf|| |||| 001 0 eng d
020 _a9780821399033
035 _a(BD-RjUL)74227
040 _aBD-RjUL
_beng
_cBD-RjUL
041 _aeng
082 _223
_a332.673091724
_bWOR 2013
110 _4world Bank
245 1 0 _aWorld development report 2014 :
_brisk and opportunity : managing risk for development /
_cWorld Bank.
260 _aWashington , DC :
_bThe World Bank ,
_cc2013
300 _aXvi , 343 p. :
_bill ;
_c28 cm.
500 _aIncludes Index
650 _aRisk management
_v Developing countries.
_9219819
650 _aDevelopment economics.
_9219820
942 _2ddc
_cBK
999 _c74009
_d74009